000 00743cam a2200229 a 4500
001 1057793
005 20180228092654.0
008 900302s1989 fr a 000 0 fre
010 _a 90124955
020 _a2866530632
040 _aDLC
_cDLC
_dDLC
041 0 _afreeng
043 _ae-fr---
080 _a725/.822094 CHA
082 0 0 _a725/.822094 CHA
_220
100 1 _a44
101 _aART
245 1 2 _aL'Opéra de la Bastille :
_cGérard Charlet ; préface, Pierre Boulez ; photographies, Felipe Ferré.
906 _a7
_bcbc
_corignew
_d3
_encip
_f19
_gy-gencatlg
942 _2ddc
_cBK
999 _c43736
_d43736